| 000 | 00697nam a22002297a 4500 | ||
|---|---|---|---|
| 999 |
_c13891 _d13891 |
||
| 003 | MIRAKIL | ||
| 005 | 20200814120332.0 | ||
| 008 | 200814b tu ||||| |||| 00| 0 tur d | ||
| 040 |
_aTR-AnCHP _cTR-AnCHP |
||
| 041 | _atur | ||
| 082 |
_a843.91 _bL26y 1973 |
||
| 100 | _aLapierre, Dominique | ||
| 245 | 1 | 0 |
_aYasımı tutacaksın/ _cDominique Lapierre, Larry Collins ; çeviren Ayda Düz. |
| 250 | _a2 bs. | ||
| 260 |
_aİstanbul: _bPayel yayınevi, _c1973. |
||
| 300 |
_a450 s.: _c20 sm. |
||
| 490 |
_aPayel Yayınları; _aAnlatı dizisi; _v29. _v1. |
||
| 650 | 0 |
_95051 _aFransız Edebiyatı _xRoman |
|
| 700 |
_96388 _aDüz, Ayda _eçev. |
||
| 700 |
_96389 _aCollins, Larry |
||
| 942 |
_2ddc _cBKS |
||